Southville International School and Colleges
Your cart is empty.
  • Cart
  • Lists
    Public lists Eva Luna New books Lux_list list_1
    Your lists Log in to create your own lists
  • Log in to your account
  • Your cookies
  • Search history
Southville International School and Colleges
  • Advanced search
  • Recent comments
  • Most popular
  • Libraries

Log in to your account

Log in with GOOGLE


If you do not have an external account, but do have a local account, you can still log in:

  1. Home
  2. MARC view: A key to the gospel of Mark /
Normal view MARC view ISBD view

A key to the gospel of Mark / (Record no. 305409)

[ view plain ]
MARC details
000 -LEADER
fixed length control field 00657nam a2200253Ia 4500
008 - FIXED-LENGTH DATA ELEMENTS--GENERAL INFORMATION
fixed length control field 170203s9999 xx 000 0 und d
020 ## - INTERNATIONAL STANDARD BOOK NUMBER
International Standard Book Number 9715015581
050 ## - LIBRARY OF CONGRESS CALL NUMBER
Classification number 226.3
050 ## - LIBRARY OF CONGRESS CALL NUMBER
Item number .H498k 1993
100 ## - MAIN ENTRY--PERSONAL NAME
Personal name Hendrickx, Herman.
245 #2 - TITLE STATEMENT
Title A key to the gospel of Mark /
245 ## - TITLE STATEMENT
Statement of responsibility, etc Mark Hendrickx
260 ## - PUBLICATION, DISTRIBUTION, ETC. (IMPRINT)
Place of publication, distribution, etc Quezon City :
260 ## - PUBLICATION, DISTRIBUTION, ETC. (IMPRINT)
Name of publisher, distributor, etc Claretian Publishing
260 ## - PUBLICATION, DISTRIBUTION, ETC. (IMPRINT)
Date of publication, distribution, etc 1993
300 ## - PHYSICAL DESCRIPTION
Extent 47 pages ;
300 ## - PHYSICAL DESCRIPTION
Dimensions 21 cm.
440 ## - SERIES STATEMENT/ADDED ENTRY--TITLE
Volume number/sequential designation viii
500 ## - GENERAL NOTE
General note Includes bibliographical references.
650 ## - SUBJECT ADDED ENTRY--TOPICAL TERM
Topical term or geographic name as entry element Bible. N.T. Mark
650 ## - SUBJECT ADDED ENTRY--TOPICAL TERM
Topical term or geographic name as entry element Bible. N.T. Gospels
650 ## - SUBJECT ADDED ENTRY--TOPICAL TERM
General subdivision Commenatries.
650 ## - SUBJECT ADDED ENTRY--TOPICAL TERM
General subdivision Liturgical lessons, English.
Holdings
Withdrawn status Lost status Damaged status Home library Current library Shelving location Date acquired Total Checkouts Full call number Barcode Date last seen Price effective from Koha item type
      Stonyhurst Southville International School (Batangas) Stonyhurst Southville International School (Batangas)   02/03/2017   226.3 .H498k 1993 US-2009 02/03/2017 02/03/2017 Books

A key to the gospel of Mark /

APA

Hendrickx H., .A key to the gospel of Mark. Quezon City: .

Chicago

Hendrickx Herman, .A key to the gospel of Mark. Quezon City: .

Harvard

Hendrickx H., .A key to the gospel of Mark. Quezon City: .

MLA

Hendrickx Herman, .Quezon City: . .

  • Place hold
  • Print
  • Cite
  • Add to your cart (remove)
  • Save record
    BIBTEX Dublin Core MARCXML MARC (non-Unicode/MARC-8) MARC (Unicode/UTF-8) MARC (Unicode/UTF-8, Standard) MODS (XML) RIS
  • More searches
    Search for this title in:
    Other Libraries (WorldCat) Other Databases (Google Scholar) Online Stores (Bookfinder.com) Open Library (openlibrary.org)

Exporting to Dublin Core...

SOUTHVILLE LIBRARY

Southville International School and Colleges Library

1281 Tropical Ave. Cor. Luxembourg St., BF Homes International, Las Pinas City

Tel. No. 8256374 / 252358 Loc. 117/146

Powered by Koha